000 00670cam a2200241 4500
008 090401t1995 xxu||||| |||| 00| 0 eng d
020 _a0117724564
035 _a(Sirsi) u89545
041 _aeng
050 _a526.99
100 _aMorris, R.O.
245 _aCharts and surveys in peace and war: the history of the Royal Navy`s Hydrographic Service 1919-1970.
260 _aLondon
_bHMSO
_c1995
300 _aiii,280p. : ill. ; 26cm.
350 _a35
650 _aHYDROGRAPHIC SERVICE
650 _aHYDROGRAPHIC SURVEYING
650 _aROYAL NAVY
690 _aLAND SURVEYING
710 _aMinistry of Defence
_9577
942 _n0
948 _c04/03/1997
999 _c97468
_d97468